000 004240000a22001690004500
041 0 _aENG
082 0 4 _aG 266.07 N664c
100 1 _aNida, Eugenio A. (Albert)
245 1 0 _aCustoms and cultures / Eugene A. Nida
260 _aNew York, USA : Harper
300 _a306 Pag
001 7579
942 _cBK
999 _c37786
_d37786
336 _atexto
_btxt
_2rdacontent
337 _2rdamedia
_asin mediación
_bn
338 _2rdacarrier
_avolumen
_bnc